Zásady a postup hodnotenia pracovného výkonu zamestnancov v malých a stredných podnikoch
Salvato in:
| Autore principale: | |
|---|---|
| Altri autori: | |
| Natura: | Capitolo di libro |
| Lingua: | slovacco |
| Tags: |
Nessun Tag, puoi essere il primo ad aggiungerne!!
|
MARC
| LEADER | 00000nla$a2200000$$$4500 | ||
|---|---|---|---|
| 001 | 0145177 | ||
| 005 | 20240502072617.2 | ||
| 041 | 0 | |a slo | |
| 044 | |a SK | ||
| 245 | 1 | 0 | |a Zásady a postup hodnotenia pracovného výkonu zamestnancov v malých a stredných podnikoch |c Iveta Kufelová, Ingrid Frohlichová |
| 100 | 1 | |a Kufelová, Iveta, 1970- | |
| 700 | 1 | |a Fröhlichová, Ingrid | |